00338nam a2200097Ia 4500008004000000082001700040100003000057245009300087260004900180300001100229210210b1944 xxu||||| |||| 00| 0 eng d a011.31S IYED aIYENGAR (H R Rangaswami). aDescriptive catalogue of the sanskrit manuscripts in the Govt. Oriental library, Mysore. aMysorebOriental Library Publications.c1944 a216,12